00680nam a22001937a 4500999001900000005001700019010001500036020002500051035001400076037001300090082001200103100002200115245005100137260003600188270009600224300002000320942002600340952012000366 c189570d18957020220706121558.0 aENG-133440 a9789383657322c25.00 aEN-116972 bDBAD/PUB a303.484 aWright, Eric Olin aEmancipatory Social Science/cEric Olin Wright aNew DelhibCritical Questc2017 a420, G-Block, Phase VI, Aya NagarbNew Delhie110047mcriticalquest@gmail.comk011-26502012 a31p.c22cm(pbk) 2ddccENh303.484mWRI 001040708NFICaAVbAVd2022-07-06eDBAD/PUBg25.00l0o303.484 WRIpEN-116972r2022-07-06 00:00:00t1v25.00yEN